Hot drinks - Japan.
| Format: | Book |
|---|---|
| Published: |
London:
Euromonitor International,
2008.
|
| Series: | Euromonitor international : country market insight
|
| Subjects: |
| LEADER | 00530cam a2200169 7i4500 | ||
|---|---|---|---|
| 001 | 0000022598 | ||
| 005 | 20090604090000.0 | ||
| 090 | 0 | 0 | |a P 641.2 |b HOT |
| 245 | 0 | 0 | |a Hot drinks - Japan. |
| 260 | 0 | 0 | |a London: |b Euromonitor International, |c 2008. |
| 300 | # | # | |a [v.p]. |
| 440 | 0 | 0 | |a Euromonitor international : country market insight |
| 650 | 0 | 0 | |a Hot drinks -- |x Markets -- |z Japan |
| 650 | 0 | 0 | |a Coffe -- |x Markets -- |z Japan |
| 650 | 0 | 0 | |a Tea -- |x Markets -- |z Japan |
| 651 | 0 | 0 | |a Japan |
| 999 | |a B000024545 |b Book |c Book |e Business Information Centre | ||